000 00853nam a2200241 i 4500
001 16494
003 ES-MaACL
005 20250805003316.0
007 t|
008 001002s1991 sp ||||1| spa d
020 _a84-87524-19-2
080 _a821.134.2-23"19"
100 1 _aSastre, Alfonso,
_d1926-
_9103915
245 1 0 _aAsalto a una ciudad
_b: tragicomedia /
_cde Lope de Vega ; en versión de Alfonso Sastre.
260 _aBilbao :
_bHiru,
_c[1991]
300 _a143 p. ;
_c18 cm.
490 1 _aTeatro ;
_v15
500 _a"Refundición libre de la famosa tragicomedia de El Asalto de Mastrique por el Príncipe de Parma"
700 1 _aVega, Lope de,
_d1562-1635.
_tEl asalto de Mastrique por el príncipe de Parma
_9113567
830 0 _aTeatro ;
_v15
_9178026
852 _aES-MaACL
_jL-23774
_bR.128730
999 _c16494
_d16494